[Event "Coventry Warwickshire Inter U140"]
[Site "Coventry"]
[Date "2019.02.23"]
[Round "2"]
[White "Dicen, Elis Denele"]
[Black "Monga, Chinmay"]
[Result "0-1"]
[WhiteElo "108"]
[BlackElo "124"]
[PlyCount "108"]
[EventDate "2019.02.22"]
[EventType "swiss"]
[EventRounds "5"]
[EventCountry "ENG"]
[SourceTitle "EXT 2025"]
[Source "ChessBase"]
[SourceDate "2024.10.14"]
[SourceVersion "1"]
[SourceVersionDate "2024.10.14"]
[SourceQuality "1"]

1. e4 c5 2. Nf3 d6 3. d4 cxd4 4. Nxd4 Nf6 5. Nc3 g6 6. Be3 a6 7. Be2 Bg7 8. 0-0 0-0 9. h3 b5 10. a3 Bb7 11. Bd3 Qc7 12. Qd2 Rd8 13. Nb3 d5 14. exd5 Nxd5 15. Nxd5 Bxd5 16. Rab1 Nc6 17. Bh6 Bxh6 18. Qxh6 Bxb3 19. cxb3 Rxd3 20. Rbc1 Rad8 21. Qg5 Qd6 22. Rfe1 Rd5 23. Qe3 Re5 24. Qc3 Rxe1+ 25. Qxe1 Qe5 26. Qf1 Rd6 27. a4 Nd4 28. Kh1 Rf6 29. Re1 Qf4 30. Kg1 e6 31. axb5 axb5 32. Ra1 Nxb3 33. Ra8+ Kg7 34. Ra3 Nd2 35. Qe2 Nc4 36. Rc3 Qd2 37. Qxd2 Nxd2 38. f3 Rf5 39. b3 b4 40. Re3 Rc5 41. Rd3 Rc2 42. Rd4 Nxb3 43. Rxb4 Nc5 44. Kh2 Nd3 45. Re4 f5 46. Re3 Nf4 47. Kg1 Rxg2+ 48. Kh1 Kf6 49. h4 Rg3 50. Kh2 Rh3+ 51. Kg1 Rxh4 52. Kf2 Rh2+ 53. Kg3 Rg2+ 54. Kxf4 g5# 0-1

[Event "Coventry Warwickshire Inter U140"]
[Site "Coventry"]
[Date "2019.02.23"]
[Round "3"]
[White "Monga, Chinmay"]
[Black "Hill, Granville"]
[Result "1-0"]
[WhiteElo "124"]
[BlackElo "111"]
[PlyCount "29"]
[EventDate "2019.02.22"]
[EventType "swiss"]
[EventRounds "5"]
[EventCountry "ENG"]
[SourceTitle "EXT 2025"]
[Source "ChessBase"]
[SourceDate "2024.10.14"]
[SourceVersion "1"]
[SourceVersionDate "2024.10.14"]
[SourceQuality "1"]

1. d4 Nf6 2. Bf4 d6 3. Nc3 e6 4. e4 Bd7 5. Nf3 Be7 6. Bd3 0-0 7. e5 dxe5 8. dxe5 Nd5 9. Nxd5 exd5 10. h4 Be6 11. Bxh7+ Kxh7 12. Ng5+ Bxg5 13. hxg5+ Kg8 14. Qh5 f6 15. g6 1-0